Aircraft system identification : (Record no. 594153)

000 -LEADER
fixed length control field 01341cam a22003494a 4500
001 - CONTROL NUMBER
control field 14377486
005 - DATE AND TIME OF LATEST TRANSACTION
control field 20230322171842.0
008 - FIXED-LENGTH DATA ELEMENTS--GENERAL INFORMATION
fixed length control field 060515s2006 vaua b 001 0 eng
010 ## - LIBRARY OF CONGRESS CONTROL NUMBER
LC control number 2006047656
015 ## - NATIONAL BIBLIOGRAPHY NUMBER
National bibliography number GBA645189
Source bnb
016 7# - NATIONAL BIBLIOGRAPHIC AGENCY CONTROL NUMBER
Record control number 013460034
Source Uk
020 ## - INTERNATIONAL STANDARD BOOK NUMBER
International Standard Book Number 1563478323 (alk. paper)
020 ## - INTERNATIONAL STANDARD BOOK NUMBER
International Standard Book Number 9781563478321
035 ## - SYSTEM CONTROL NUMBER
System control number (OCoLC)ocm68263458
040 ## - CATALOGING SOURCE
Original cataloging agency DLC
Transcribing agency DLC
Modifying agency UKM
-- BAKER
-- C#P
-- YDXCP
-- OCLCQ
-- DLC
042 ## - AUTHENTICATION CODE
Authentication code pcc
050 00 - LIBRARY OF CONGRESS CALL NUMBER
Classification number TL670
Item number .K554 2006
082 00 - DEWEY DECIMAL CLASSIFICATION NUMBER
Classification number 629.1341
Edition number 22
Author Mark KLE
100 1# - MAIN ENTRY--PERSONAL NAME
Personal name Klein, Vladislav.
9 (RLIN) 111192
245 10 - TITLE STATEMENT
Title Aircraft system identification :
Remainder of title theory and practice /
Statement of responsibility, etc. Vladislav Klein, Eugene A. Morelli.
260 ## - PUBLICATION, DISTRIBUTION, ETC.
Place of publication, distribution, etc. Reston, VA :
Name of publisher, distributor, etc. American Institute of Aeronautics and Astronautics,
Date of publication, distribution, etc. c2006.
300 ## - PHYSICAL DESCRIPTION
Extent xiv, 484 p. :
Other physical details ill. ;
Dimensions 24 cm.
440 #0 - SERIES STATEMENT/ADDED ENTRY--TITLE
Title AIAA education series
9 (RLIN) 1422
504 ## - BIBLIOGRAPHY, ETC. NOTE
Bibliography, etc. note Includes bibliographical references and index.
650 #0 - SUBJECT ADDED ENTRY--TOPICAL TERM
Topical term or geographic name entry element Aeronautics
General subdivision Systems engineering.
9 (RLIN) 1712
650 #0 - SUBJECT ADDED ENTRY--TOPICAL TERM
Topical term or geographic name entry element Airplanes
General subdivision Design and construction.
9 (RLIN) 2216
650 #0 - SUBJECT ADDED ENTRY--TOPICAL TERM
Topical term or geographic name entry element System identification.
9 (RLIN) 93959
700 1# - ADDED ENTRY--PERSONAL NAME
Personal name Morelli, Eugene A.
9 (RLIN) 111193
906 ## - LOCAL DATA ELEMENT F, LDF (RLIN)
a 7
b cbc
c orignew
d 1
e ocip
f 20
g y-gencatlg
942 ## - ADDED ENTRY ELEMENTS (KOHA)
Source of classification or shelving scheme
Koha item type Book
Holdings
Withdrawn status Lost status Source of classification or shelving scheme Damaged status Not for loan Permanent Location Current Location Shelving location Date acquired Full call number Barcode Date last seen Price effective from Koha item type
          School of Mechanical & Manufacturing Engineering (SMME) School of Mechanical & Manufacturing Engineering (SMME) Aerospace Engineering 03/22/2023 629.1341 KLE SMME-3936 03/22/2023 03/22/2023 Book
© 2023 Central Library, National University of Sciences and Technology. All Rights Reserved.